Документы свидетельствуют. Из истории деревни накануне и входе коллективизиации 1927-1932 гг

Dettagli Bibliografici
Altri autori: Данилов В. П. Виктор Петрович (редактор), Ивницкий Н. А.
Lingua:russo
Pubblicazione: Москва, Политиздат, 1989
Soggetti:
Natura: MixedMaterials Libro
KOHA link:https://koha.lib.tpu.ru/cgi-bin/koha/opac-detail.pl?biblionumber=16851

MARC

LEADER 00000nam0a2200000 4500
001 16851
005 20231030190644.0
010 |a 5250006124 
035 |a (RuTPU)RU\TPU\book\16980 
035 |a BOOK00001668 
090 |a 16851 
100 |a 20011209d1989 km y0rusy50 ca 
101 0 |a rus 
102 |a RU 
105 |a a z 000zy 
200 1 |a Документы свидетельствуют. Из истории деревни накануне и входе коллективизиации 1927-1932 гг  |f Под ред. В. П. Данилова, Н. А. Ивницкого 
210 |a Москва  |c Политиздат  |d 1989 
215 |a 526 с. 
610 1 |a история 
610 1 |a Россия 
610 1 |a СССР 
610 1 |a 20 век 
610 1 |a крестьянство 
610 1 |a сельское хозяйство 
610 1 |a коллективизация 
686 |a Т3(2)614  |v LBC/SL-A  |2 rubbk 
702 1 |a Данилов  |b В. П.  |g Виктор Петрович  |4 340 
702 1 |a Ивницкий  |b Н. А.  |4 340 
801 0 |a RU  |b 63413507  |c 20011209  |g PSBO 
801 2 |a RU  |b 63413507  |c 20080319  |g PSBO 
942 |c BK